| 000 | 00746nam a2200229 i 4500 | ||
|---|---|---|---|
| 001 | 101967 | ||
| 003 | ES-MaACL | ||
| 005 | 20250814063225.0 | ||
| 007 | t| | ||
| 008 | 051028s1988 sp ||||1| spa d | ||
| 020 | _a84-7658-066-5 | ||
| 100 | 1 |
_aMéndez, Lourdes, _d1957- _980125 |
|
| 245 | 1 | 0 |
_aCousas de mulleres _b: campesinas, poder y vida cotidiana: (Lugo, 1940-1980) / _cLourdes Méndez. |
| 250 | _a1ª ed. | ||
| 260 |
_aBarcelona : _bAnthropos, _c1988. |
||
| 300 |
_a218 p. ; _c20 cm. |
||
| 490 | 1 |
_aAutores, textos y temas. Antropología ; _v14 |
|
| 504 | _aBibliografía. Indice. | ||
| 830 | 0 |
_aAutores, textos y temas. Antropología _v14 _9177281 |
|
| 852 |
_aES-MaACL _jG-9772 _bR.114999 |
||
| 999 |
_c101967 _d101967 |
||